000 00658nam a22001817a 4500
003 UA-OsUOA
001 15026
007 ta
008 20031028b un ||||| |||| 00| 0 ukr d
100 _aТубіна С.
942 _cSA
040 _aUA-OsUOA
_cUA-OsUOA
_dUA-OsUOA
245 _aДім , де дарують тепло: [ Для для юних мешканців м.Рівногго відкрито інформ.-консультац. центр]
300 _aС.2
955 _a0
773 0 _w0
_tВісті Рівненщини
_dРівне
_d2003
_g№56/9 лип./
650 7 _aІнформаційно-консультаційний центр
_2UDC
999 _c301191
_d301191